| 000 | 01407nab a22002537a 4500 | ||
|---|---|---|---|
| 999 |
_c6369 _d6369 |
||
| 003 | OSt | ||
| 005 | 20260131210208.0 | ||
| 008 | 190603e xxum|||| |||| 00| 0 spa d | ||
| 040 | _cPJ | ||
| 100 |
_97016 _aCaliri, José Luis |
||
| 245 | 1 | 0 |
_aConstitución de derechos reales de goce bajo modalidades suspensivas del acto jurídico / _cJosé Luis Caliri. |
| 260 |
_cCiudad Autónoma de Buenos Aires : _aThomson Reuters La Ley, _b2025. |
||
| 300 | _ap. 271-284 | ||
| 500 | _aCita: TR LALEY AR/DOC/2864/2025 Publicado en: RCCyC 2025 (Diciembre). | ||
| 505 | _aSumario: I. Introducción.— II. El art. 2136 del Cód. Civ. y Com. Prohibición de establecer plazos o condiciones suspensivos en el contrato constitutivo de usufructo, uso o habitación. Fundamentos.— III. Antecedentes del art. 2136: Cód. Civil derogado y Proyecto de 1998.— IV. El principio de la buena fe en la constitución de los derechos reales de goce.— V. Colofón. | ||
| 505 | _t¿Te interesa el texto completo? Solicitalo al correo: koha@justierradelfuego.gov.ar | ||
| 650 | 0 |
_aDERECHOS REALES _91821 |
|
| 650 | 0 |
_aUSUFRUCTO _95462 |
|
| 650 | 0 |
_aBUENA FE _94707 |
|
| 650 | 0 |
_aABUSO DEL DERECHO _92522 |
|
| 650 | 0 | _aDERECHO REAL DE USO Y HABITACION | |
| 773 | 0 |
_02713 _93170 _dCiudad Autónoma de Buenos Aires : Thomson Reuters La Ley, 2015- _tRevista Código Civil y Comercial. Nº 6 - Diciembre 2025 |
|
| 942 |
_2udc _cANA |
||